000 01009nam a2200265 i 4500
001 bg
100 1 _aHERDAN, Agnieszka
245 1 0 _aPołączenia przedsiębiorstw :
_bteoria i praktyka /
_cAgnieszka Herdan, Lidia Antolak ; Uniwersytet Jagielloński. Instytut Ekonomii i Zarządzania.
260 _aKraków :
_b"Księgarnia Akademicka",
_c2005.
300 _a249, [3] s. :
_brys., wykr. ;
_c24 cm.
504 _aBibliogr. s. 243-249.
650 9 _aFuzja przedsiębiorstw
650 9 _aFuzja przedsiębiorstw
_xprawo
_zPolska
_ystan na 2003 r.
650 9 _aPrzedsiębiorstwo
_xwycena
_xmetody
710 _aUniwersytet Jagielloński
_bInstytut Ekonomii i Zarządzania
015 _aPB 8747/2005
020 _a8371887906
040 _cBPK
041 0 _apol
080 _a334.75:346.54(438):334.72.003.12
920 _a83-7188-790-6
942 _cKS
008 s pl f |000 0 pol
999 _c46538
_d46538
856 _uhttp://koha.tu.koszalin.pl/cgi-bin/koha/opac-detail.pl?biblionumber=46538
_yKatalog online BPK